000 00550nam a2200193Ia 4500
003 OSt
005 20260114145314.0
008 210210b1951 xxu||||| |||| 00| 0 eng d
040 _cAL
041 _aKannada
082 _a859/991
100 _aNAYAKA (Ha Ma)
_9132983
_dನಾಯಕ (ಹಾ ಮಾ)
245 _aNisargadadiyalli
_bನಿಸರ್ಗದಡಿಯಲ್ಲಿ
260 _aDharavada
_bSamaja Pustakalaya
_c1951
650 _aNisargadaDiyalli
_9132984
690 _aKannada Fiction
_9132985
906 _a021739
942 _2ddc
_cBK
999 _c145839
_d145839